000 01003pam a2200277 a 4500
005 20260322212035.0
008 data
010 _a 88004002
020 _a0070331766
020 _a9780070331761
040 _aDLC
_cDLC
_dDLC
050 0 0 _aTS156
_b.J87 1988
082 0 0 _a658.5/62
_219
245 0 0 _aJuran's quality control handbook /
_cedited by J. M. Juran & Frank M. Gryna.
250 _a4th ed.
260 _aNew York :
_bMcGraw-Hill,
_cc1988.
300 _a1 v. (various pagings) :
_bill. ;
_c23 cm.
500 _aRev. ed. of: Quality control handbook. 3rd ed. 1974.
504 _aIncludes bibliographical references and index.
650 0 _aQuality control
_xHandbooks, manuals, etc.
700 1 _aJuran, J. M.
_d1904-
_q(Joseph M.),
700 1 _aGryna, Frank M.
730 0 _aQuality control handbook.
856 4 0 _uhttps://openlibrary.org/works/OL3507368W/Quality-control_handbook?edition=juransqualitycon00jmju
_yOnline access from the Open Library.
_zRequires free sign up.
001 data
999 _c805
_d805